| 000 | 00448 a2200133 4500 | ||
|---|---|---|---|
| 001 | 90547 | ||
| 082 | _aPR 939 | ||
| 090 |
_c42882 _d42882 |
||
| 100 | _aMohammad Afzal Saeed; Abdul Sattar Chandio; Azhar H Javed, advisors | ||
| 245 |
_aFatigue analysis of the isotropic materials using CAE fatigue testing machine model LFE 500 _nG-25 |
||
| 260 |
_aKarachi _bNED University _c1987 |
||
| 300 |
_av, 106 p. _bhand written |
||
| 500 | _aBE Project Reports | ||
| 942 |
_aCAE NUST _kPR 939 |
||
| 999 |
_c325620 _d325620 |
||